<?xml version="1.0" encoding="UTF-8"?>
<record
    xmlns:xsi="http://www.w3.org/2001/XMLSchema-instance"
    xsi:schemaLocation="http://www.loc.gov/MARC21/slim http://www.loc.gov/standards/marcxml/schema/MARC21slim.xsd"
    xmlns="http://www.loc.gov/MARC21/slim">

  <leader>     nam a22     7a 4500</leader>
  <datafield tag="999" ind1=" " ind2=" ">
    <subfield code="c">154212</subfield>
    <subfield code="d">154210</subfield>
  </datafield>
  <controlfield tag="005">20200212111614.0</controlfield>
  <controlfield tag="008">200212b        mx ||||| |||| 00| 0 spa d</controlfield>
  <datafield tag="020" ind1=" " ind2=" ">
    <subfield code="a">968436153x</subfield>
  </datafield>
  <datafield tag="050" ind1="0" ind2="4">
    <subfield code="a">QA37 </subfield>
    <subfield code="b">L59 1975</subfield>
  </datafield>
  <datafield tag="100" ind1="1" ind2=" ">
    <subfield code="a">Liz&#xE1;rraga Gaudry, Ignacio M., </subfield>
  </datafield>
  <datafield tag="245" ind1="1" ind2="0">
    <subfield code="a">Matem&#xE1;ticas bachillerato</subfield>
    <subfield code="b">: Para el primer semestre del colegio de ciencias y humanidades y del colegio de bachilleres</subfield>
    <subfield code="c">/ Ignacio M. Liz&#xE1;rraga Gaudry, Marco A. Flores Meyer, Salvador V&#xE1;zquez Mora</subfield>
  </datafield>
  <datafield tag="250" ind1=" " ind2=" ">
    <subfield code="a">1a ed.</subfield>
  </datafield>
  <datafield tag="260" ind1=" " ind2=" ">
    <subfield code="a">M&#xE9;xico :</subfield>
    <subfield code="b">Progreso,</subfield>
    <subfield code="c">1975</subfield>
  </datafield>
  <datafield tag="300" ind1=" " ind2=" ">
    <subfield code="a">v., ;</subfield>
    <subfield code="c">23 cm.</subfield>
  </datafield>
  <datafield tag="505" ind1="0" ind2=" ">
    <subfield code="t">V.2 Segundo semestre</subfield>
    <subfield code="t">V.3 Tercer semestre</subfield>
    <subfield code="t">V.4 Cuarto semestre</subfield>
  </datafield>
  <datafield tag="650" ind1=" " ind2="7">
    <subfield code="2">lemb</subfield>
    <subfield code="a">Matem&#xE1;ticas</subfield>
    <subfield code="x">Estudio y ense&#xF1;anza</subfield>
  </datafield>
  <datafield tag="700" ind1="1" ind2=" ">
    <subfield code="a">Meyer, Flores, Marco A., </subfield>
    <subfield code="e">autor</subfield>
  </datafield>
  <datafield tag="700" ind1="1" ind2=" ">
    <subfield code="a">Vazquez Mora, Salvador, </subfield>
    <subfield code="e">autor</subfield>
  </datafield>
  <datafield tag="942" ind1=" " ind2=" ">
    <subfield code="2">lcc</subfield>
    <subfield code="c">LIB</subfield>
  </datafield>
  <datafield tag="952" ind1=" " ind2=" ">
    <subfield code="1">0</subfield>
    <subfield code="2">lcc</subfield>
    <subfield code="4">0</subfield>
    <subfield code="7">0</subfield>
    <subfield code="a">BACH-006</subfield>
    <subfield code="b">BACH-006</subfield>
    <subfield code="c">GENERAL</subfield>
    <subfield code="d">2020-02-12</subfield>
    <subfield code="f">1a ed.</subfield>
    <subfield code="h">V.2</subfield>
    <subfield code="k">CNE</subfield>
    <subfield code="o">QA37 L59 1975</subfield>
    <subfield code="p">PIA000005226</subfield>
    <subfield code="r">2020-02-12 00:00:00</subfield>
    <subfield code="t">C:1</subfield>
    <subfield code="v">1.00</subfield>
    <subfield code="y">LIB</subfield>
  </datafield>
  <datafield tag="952" ind1=" " ind2=" ">
    <subfield code="1">0</subfield>
    <subfield code="2">lcc</subfield>
    <subfield code="4">0</subfield>
    <subfield code="7">0</subfield>
    <subfield code="a">BACH-006</subfield>
    <subfield code="b">BACH-006</subfield>
    <subfield code="c">GENERAL</subfield>
    <subfield code="d">2020-02-12</subfield>
    <subfield code="f">1a ed.</subfield>
    <subfield code="h">V.3</subfield>
    <subfield code="k">CNE</subfield>
    <subfield code="o">QA37 L59 1977</subfield>
    <subfield code="p">PIA000005227</subfield>
    <subfield code="r">2020-02-12 00:00:00</subfield>
    <subfield code="t">C:1</subfield>
    <subfield code="v">1.00</subfield>
    <subfield code="y">LIB</subfield>
  </datafield>
  <datafield tag="952" ind1=" " ind2=" ">
    <subfield code="1">0</subfield>
    <subfield code="2">lcc</subfield>
    <subfield code="4">0</subfield>
    <subfield code="7">0</subfield>
    <subfield code="a">BACH-006</subfield>
    <subfield code="b">BACH-006</subfield>
    <subfield code="c">GENERAL</subfield>
    <subfield code="d">2020-02-12</subfield>
    <subfield code="f">1a ed.</subfield>
    <subfield code="h">V.4</subfield>
    <subfield code="k">CNE</subfield>
    <subfield code="o">QA37 L59 1978</subfield>
    <subfield code="p">PIA000005228</subfield>
    <subfield code="r">2020-02-12 00:00:00</subfield>
    <subfield code="t">C:1</subfield>
    <subfield code="v">1.00</subfield>
    <subfield code="y">LIB</subfield>
  </datafield>
  <datafield tag="952" ind1=" " ind2=" ">
    <subfield code="1">0</subfield>
    <subfield code="2">lcc</subfield>
    <subfield code="4">0</subfield>
    <subfield code="7">0</subfield>
    <subfield code="a">BACH-007</subfield>
    <subfield code="b">BACH-007</subfield>
    <subfield code="c">GENERAL</subfield>
    <subfield code="d">2023-08-14</subfield>
    <subfield code="f">1a. ed.</subfield>
    <subfield code="k">CNE</subfield>
    <subfield code="l">0</subfield>
    <subfield code="o">QA135 .5 L59 1975</subfield>
    <subfield code="p">PMO000000727</subfield>
    <subfield code="r">2023-08-14 00:00:00</subfield>
    <subfield code="t">C: 1 V: 1</subfield>
    <subfield code="v">1.00</subfield>
    <subfield code="y">LIB</subfield>
  </datafield>
</record>
